000
00262nmm a2200097Ia 4500
008
220120s9999||||xx |||||||||||||||||und||
020
_a
0-07-052929
100
_a
PCQ
245
0
_a
October 2010 : 45 tools to boost operational efficiency, tut
260
_a
Cyber tech
999
_c
139649
_d
139649